000 00295nam a2200121Ia 4500
008 190216s9999||||xx |||||||||||||| ||und||
100 _aPillai N N
245 0 _aMeharbani
260 _bSahithya Pravarthaka Sahakarana Sangam
_c1969
300 _a60p
650 _aMalayalam Nadakam
942 _cBK
999 _c24704
_d24704